Normal view
MARC view
Entry Topical Term
001 - CONTROL NUMBER
- control field: 18530
003 - CONTROL NUMBER IDENTIFIER
- control field: HDC
005 - DATE AND TIME OF LATEST TRANSACTION
- control field: 20230624073533.0
008 - FIXED-LENGTH DATA ELEMENTS
- fixed length control field: 210305|| aca||aabn | a|a d
040 ## - CATALOGING SOURCE
- Original cataloging agency: HDC
- Transcribing agency: HDC
150 ## - HEADING--TOPICAL TERM
- General subdivision: World Organization for Animal Health (OIE)
670 ## - SOURCE DATA FOUND
- Source citation: Work cat.: (HDC): Peter Szafranski / author 18529, Canada extends safeguards against BSE /
